Final Destination 3 : (Record no. 16774)
[ view plain ]
| 000 -LEADER | |
|---|---|
| fixed length control field | 02926ngm a2200481 4500 |
| 003 - CONTROL NUMBER IDENTIFIER | |
| control field | dpl |
| 005 - DATE AND TIME OF LATEST TRANSACTION | |
| control field | 20080723110517.0 |
| 007 - PHYSICAL DESCRIPTION FIXED FIELD--GENERAL INFORMATION | |
| fixed length control field | DVD |
| 008 - FIXED-LENGTH DATA ELEMENTS--GENERAL INFORMATION | |
| fixed length control field | ||||||sp199 xxu|||||c|||| 00| 0 eng d |
| 010 ## - LIBRARY OF CONGRESS CONTROL NUMBER | |
| LC control number | DVD-000970-972 & DVD-005362-5366 |
| 024 ## - OTHER STANDARD IDENTIFIER | |
| Terms of availability | 499.00 , 99.00 (Revised Price) |
| 035 ## - SYSTEM CONTROL NUMBER | |
| System control number | DVD-000970-972 |
| 035 ## - SYSTEM CONTROL NUMBER | |
| System control number | DVD-005362-5366 |
| 040 ## - CATALOGING SOURCE | |
| Original cataloging agency | DPL |
| Transcribing agency | DPL |
| 082 ## - DEWEY DECIMAL CLASSIFICATION NUMBER | |
| Classification number | DVD / FINA |
| 245 ## - TITLE STATEMENT | |
| Title | Final Destination 3 : |
| Statement of responsibility, etc | New Line Cinema Presents |
| Medium | [videorecording] DVD/ |
| Remainder of title | You Can's Cheat Death Twice |
| 250 ## - EDITION STATEMENT | |
| Edition statement | 2 Disc Thrill Ride Edition |
| 260 ## - PUBLICATION, DISTRIBUTION, ETC. (IMPRINT) | |
| Name of publisher, distributor, etc | New Line Cinema |
| 300 ## - PHYSICAL DESCRIPTION | |
| Extent | 2 videodisc DVD; (101 min.) |
| Other physical details | sd., col. ; |
| Dimensions | 4 3/4 in. |
| Type of unit | DVD |
| 440 ## - SERIES STATEMENT/ADDED ENTRY--TITLE | |
| Title | Eagle Home Entertainment |
| 500 ## - GENERAL NOTE | |
| General note | This DVD is Copy Protected |
| 500 ## - GENERAL NOTE | |
| General note | "A Super-Scray Ride" |
| 538 ## - SYSTEM DETAILS NOTE | |
| Display text | Language: Dolby Digital 5.1-English Subtitles: English, Spanish |
| 538 ## - SYSTEM DETAILS NOTE | |
| System details note | Aspect Ratio: 2.35:1, Presentation type: Wide Screen Presentation Size 16x9 |
| 650 ## - SUBJECT ADDED ENTRY--TOPICAL TERM | |
| Topical term or geographic name as entry element | Motion Picture |
| 700 ## - ADDED ENTRY--PERSONAL NAME | |
| Personal name | Elizabeth, Mary |
| 700 ## - ADDED ENTRY--PERSONAL NAME | |
| Personal name | Freeborn, Mark |
| 700 ## - ADDED ENTRY--PERSONAL NAME | |
| Personal name | Papsidera, John |
| 700 ## - ADDED ENTRY--PERSONAL NAME | |
| Personal name | Walker, Shirley |
| 700 ## - ADDED ENTRY--PERSONAL NAME | |
| Personal name | McLachlan, Robert |
| 700 ## - ADDED ENTRY--PERSONAL NAME | |
| Personal name | Morgan, Glen |
| 942 ## - ADDED ENTRY ELEMENTS (KOHA) | |
| Koha item type | CD-ROMs, DVDs, VHS |
| Source of classification or shelving scheme | Dewey Decimal Classification |
| Classification part | DVD |
| Call number suffix | FINA |
| Withdrawn status | Lost status | Source of classification or shelving scheme | Damaged status | Not for loan | Home library | Current library | Date acquired | Source of acquisition | Cost, normal purchase price | Total Checkouts | Full call number | Barcode | Date last seen | Date checked out | Copy number | Cost, replacement price | Price effective from | Koha item type | Total Renewals |
|---|---|---|---|---|---|---|---|---|---|---|---|---|---|---|---|---|---|---|---|
| Dewey Decimal Classification | Central Library | Central Library | 15/10/2008 | Purchase | 499.00 | 31 | DVD FINA | DVD-000970 | 16/03/2012 | 03/03/2012 | 1 | 499.00 | 15/10/2008 | CD-ROMs, DVDs, VHS | |||||
| Dewey Decimal Classification | Janak Puri | Janak Puri | 16/12/2009 | Pioneers/885/29-10-09/325/13-10-09 /06-11-09 | 99.00 | 14 | DVD FINA | DVD-005362 | 17/02/2016 | 03/02/2016 | 1 | 99.00 | 16/12/2009 | CD-ROMs, DVDs, VHS | |||||
| Dewey Decimal Classification | Karol Bagh | Karol Bagh | 16/12/2009 | Pioneers/885/29-10-09/325/13-10-09 /06-11-09 | 99.00 | 7 | DVD FINA | DVD-005365 | 01/09/2015 | 06/08/2015 | 1 | 99.00 | 16/12/2009 | CD-ROMs, DVDs, VHS | |||||
| Dewey Decimal Classification | Narela | Narela | 16/12/2009 | Pioneers/885/29-10-09/325/13-10-09 /06-11-09 | 99.00 | 10 | DVD FINA | DVD-005366 | 19/06/2012 | 15/06/2012 | 1 | 99.00 | 16/12/2009 | CD-ROMs, DVDs, VHS | |||||
| Dewey Decimal Classification | Patel Nagar | Patel Nagar | 15/10/2008 | Purchase | 499.00 | 44 | DVD FINA | DVD-000972 | 24/10/2019 | 12/02/2013 | 1 | 499.00 | 15/10/2008 | CD-ROMs, DVDs, VHS | 1 | ||||
| Dewey Decimal Classification | R.K.Puram-8 | R.K.Puram-8 | 16/12/2009 | Pioneers/885/29-10-09/325/13-10-09 /06-11-09 | 99.00 | 10 | DVD FINA | DVD-005363 | 30/05/2016 | 24/05/2016 | 1 | 99.00 | 16/12/2009 | CD-ROMs, DVDs, VHS | |||||
| Dewey Decimal Classification | Sarojini Nagar | Sarojini Nagar | 15/10/2008 | Purchase | 499.00 | 44 | DVD FINA | DVD-000971 | 08/12/2012 | 09/11/2012 | 1 | 499.00 | 15/10/2008 | CD-ROMs, DVDs, VHS | 2 | ||||
| Dewey Decimal Classification | Vinoba Puri | Vinoba Puri | 16/12/2009 | Pioneers/885/29-10-09/325/13-10-09 /06-11-09 | 99.00 | 9 | DVD FINA | DVD-005364 | 10/05/2014 | 03/05/2014 | 1 | 99.00 | 16/12/2009 | CD-ROMs, DVDs, VHS |
